Pharmaceutical Jurisprudence (Record no. 8246)

MARC details
000 -LEADER
fixed length control field 00342nam a2200133Ia 4500
008 - FIXED-LENGTH DATA ELEMENTS--GENERAL INFORMATION
fixed length control field 191201s2018 xx 000 0 und d
082 ## - DEWEY DECIMAL CLASSIFICATION NUMBER
Classification number 614.1 JAP
100 ## - MAIN ENTRY--PERSONAL NAME
Personal name JAIN, NK
245 #0 - TITLE STATEMENT
Title Pharmaceutical Jurisprudence
260 ## - PUBLICATION, DISTRIBUTION, ETC. (IMPRINT)
Name of publisher, distributor, etc Vallabh Prakashan
Place of publication, distribution, etc New Delhi
Date of publication, distribution, etc 2018
300 ## - PHYSICAL DESCRIPTION
Extent 160
650 ## - SUBJECT ADDED ENTRY--TOPICAL TERM
Topical term or geographic name as entry element Pharmaceutical Jurisprudence
942 ## - ADDED ENTRY ELEMENTS (KOHA)
Source of classification or shelving scheme Dewey Decimal Classification
Koha item type Text Books
Holdings
Withdrawn status Lost status Source of classification or shelving scheme Damaged status Not for loan Collection code Home library Current library Date acquired Source of acquisition Cost, normal purchase price Bill Number Total Checkouts Full call number Acc. no. / Barcode Date last seen Actual Cost, discounted price Bill Date Koha item type Date last borrowed
    Dewey Decimal Classification     Diploma in Pharmacy PIET C-LIBRARY PIET C-LIBRARY 25/03/2019 Kirti Prakashan 126.00 IN 3091   614.1 JAP DP195 04/12/2019 102.06 12/03/2019 Reference Books  
    Dewey Decimal Classification     Diploma in Pharmacy PIET C-LIBRARY PIET C-LIBRARY 25/03/2019 Kirti Prakashan 126.00 IN 3091 9 614.1 JAP DP196 17/04/2023 102.06 12/03/2019 Text Books 11/04/2023
    Dewey Decimal Classification     Diploma in Pharmacy PIET C-LIBRARY PIET C-LIBRARY 25/03/2019 Kirti Prakashan 126.00 IN 3091 8 614.1 JAP DP197 16/02/2023 102.06 12/03/2019 Text Books 14/02/2023
    Dewey Decimal Classification     Diploma in Pharmacy PIET C-LIBRARY PIET C-LIBRARY 27/03/2019 Kirti Prakashan 126.00 IN 3091 4 614.1 JAP DP198 11/10/2022 102.06 12/03/2019 Text Books 07/10/2022

Design & Developed by: PIET Central Library
R70 Miles Stone Pattikalyana Samalkha Panipat 132102
mail ID :- [email protected], Phone No:- 0180-2569700 Ex.216